Modern Engineering Statistics\ (Record no. 31710)
[ view plain ]
| 000 -LEADER | |
|---|---|
| fixed length control field | 01034pam a2200301 a 4500 |
| 001 - CONTROL NUMBER | |
| control field | 3999315 |
| 003 - CONTROL NUMBER IDENTIFIER | |
| control field | OSt |
| 005 - DATE AND TIME OF LATEST TRANSACTION | |
| control field | 20211026155935.0 |
| 008 - FIXED-LENGTH DATA ELEMENTS--GENERAL INFORMATION | |
| fixed length control field | 960903s1997 caua b 001 0 eng |
| 010 ## - LIBRARY OF CONGRESS CONTROL NUMBER | |
| LC control number | 96035230 |
| 020 ## - INTERNATIONAL STANDARD BOOK NUMBER | |
| International Standard Book Number | 0534508839 |
| 038 ## - RECORD CONTENT LICENSOR | |
| Staff Name | khadija |
| 040 ## - CATALOGING SOURCE | |
| Original cataloging agency | DLC |
| Transcribing agency | DLC |
| Modifying agency | DLC |
| 050 00 - LIBRARY OF CONGRESS CALL NUMBER | |
| Classification number | TA340 |
| Item number | .L34 1997 |
| 082 00 - DEWEY DECIMAL CLASSIFICATION NUMBER | |
| Classification number | 620.0072 |
| Edition number | 20 |
| Author Mark | LAP |
| 100 1# - MAIN ENTRY--PERSONAL NAME | |
| Personal name | Lapin L. Lawrence |
| 9 (RLIN) | 83401 |
| 245 10 - TITLE STATEMENT | |
| Title | Modern Engineering Statistics\ |
| Statement of responsibility, etc. | Lawrence L. Lapin |
| 260 ## - PUBLICATION, DISTRIBUTION, ETC. | |
| Place of publication, distribution, etc. | Belmont, CA : |
| Name of publisher, distributor, etc. | Duxbury Press, |
| Date of publication, distribution, etc. | c1997. |
| 300 ## - PHYSICAL DESCRIPTION | |
| Extent | xv, 583 p. : |
| Other physical details | ill. ; |
| Dimensions | 24 cm. + |
| Accompanying material | 1 computer disk (3 1/2 in.) |
| 500 ## - GENERAL NOTE | |
| General note | "An Alexander Kugushev book." |
| 504 ## - BIBLIOGRAPHY, ETC. NOTE | |
| Bibliography, etc. note | Includes bibliographical references (p. 555-557) and index. |
| 563 ## - BINDING INFORMATION | |
| Binding note | hardcover |
| 650 #0 - SUBJECT ADDED ENTRY--TOPICAL TERM | |
| Topical term or geographic name entry element | Engineering |
| General subdivision | Statistical methods. |
| 9 (RLIN) | 129 |
| 650 #0 - SUBJECT ADDED ENTRY--TOPICAL TERM | |
| Topical term or geographic name entry element | Probabilities. |
| 9 (RLIN) | 79 |
| 906 ## - LOCAL DATA ELEMENT F, LDF (RLIN) | |
| a | 7 |
| b | cbu |
| c | orignew |
| d | 1 |
| e | ocip |
| f | 19 |
| g | y-gencatlg |
| 942 ## - ADDED ENTRY ELEMENTS (KOHA) | |
| Source of classification or shelving scheme | |
| Koha item type | Book |
| Withdrawn status | Lost status | Source of classification or shelving scheme | Damaged status | Not for loan | Permanent Location | Current Location | Shelving location | Date acquired | Full call number | Barcode | Date last seen | Price effective from | Koha item type | Public note |
|---|---|---|---|---|---|---|---|---|---|---|---|---|---|---|
| Not For Loan | School of Mechanical & Manufacturing Engineering (SMME) | School of Mechanical & Manufacturing Engineering (SMME) | Reference | 06/30/2015 | 620.0072 LAP | SMME-233 | 03/27/2018 | 06/30/2015 | Book | Rack,7-Shelf,2 |
